Oceňovanie investičných projektov bakalárska práca

Saved in:
Bibliographic Details
Main Author: Urminská, Ivana
Corporate Author: Fakulta hospodárskej informatiky EU. Katedra matematiky a aktuárstva
Other Authors: Kaderová, Andrea
Format: Book
Language:Slovak
Published: Bratislava 2016
Tags: Add Tag
No Tags, Be the first to tag this record!

MARC

LEADER 00000nbm a2200000 4500
001 0219210
005 20170201145313.1
041 0 |a slo 
044 |a SK 
245 1 0 |a Oceňovanie investičných projektov  |b bakalárska práca  |c Ivana Urminská ; školiteľ: Andrea Kaderová 
264 1 |a Bratislava  |c 2016 
300 |a 44 s. 
100 1 |a Urminská, Ivana 
700 1 |a Kaderová, Andrea 
710 2 |a Fakulta hospodárskej informatiky EU. Katedra matematiky a aktuárstva